| 000 | 01139nam0a2200325 4500 | ||
|---|---|---|---|
| 001 | RU\NLR\bibl\944272 | ||
| 005 | 20250614195557.0 | ||
| 010 |
_a5-9757-0017-5 _915000 |
||
| 021 |
_aRU _b2006-17765 _9885 |
||
| 021 |
_aRU _b2006-83591 _94231 |
||
| 035 | _a(NLR Aleph) 000932418 | ||
| 090 |
_a168283 _c168283 |
||
| 100 | _a20060505d2006 |||y0rusy50 ca | ||
| 101 | 0 | _arus | |
| 102 | _aRU | ||
| 105 | _ay ||||||||| | ||
| 200 | 1 |
_aТолковый словарь русского языка для школьников _f[авт.-сост. Ю.В. Алабугина] |
|
| 205 | _a[2-е изд., перераб. и доп.] | ||
| 210 |
_aЕкатеринбург _cУ-Фактор _d2006 |
||
| 215 |
_a478, [1] с. _d17 |
||
| 225 | 1 | _aСтань Super отличником! | |
| 606 | 1 |
_aРусский язык _xТолковые словари _91541339 _3RU\NLR\auth\66973253 |
|
| 686 | _aШ141.12-491толк | ||
| 702 | 1 |
_aАлабугина _bЮ. В. _gЮлия Владимировна _4220 |
|
| 801 | 0 |
_aRU _bNLR _c20051012 _grcr |
|
| 801 | 1 |
_aRU _bNLR _c20051012 |
|
| 942 | _cBOOK | ||
| 980 | _aNB | ||